000 01030nam a2200229Ia 4500
001 11364
003 GE_BSU
008 181216s||||||||xx |||||||||||||| ||und||
020 _a9785930937411
040 _cGE_BSU
080 _a628.1(075.8)
245 _aУчебное пособие для студентов заочного отделения факультета ,,Водоснабжение и водоотведение,,(7-11-й семестры).
245 _cПод обш.ред:Ю.В.Воронова и А.Л.Ивчатова;Ред:В.Ш.Мерзлякова.
260 _aМосква.
260 _bИздательство Ассоциации строительных Вузов.
260 _c2009.
300 _a544стр;22см.
300 _eфото.
541 _h44л.
653 _aУчебное пособие для студентов заочного отделения факультета Водоснабжение и водоотведение(7-11-й семестры).
942 _cBK
999 _c44561
_d44561